Central Library OPAC University of Rajshahi

সাহিত্য-মীমাংসা / (Record no. 49667)

MARC details
000 -LEADER
fixed length control field 00950nam a2200229 a 4500
001 - CONTROL NUMBER
control field 49667
003 - CONTROL NUMBER IDENTIFIER
rucl marc code BD-RjUL
005 - DATE AND TIME OF LATEST TRANSACTION
control field 20220203122257.0
008 - FIXED-LENGTH DATA ELEMENTS--GENERAL INFORMATION
fixed length control field 160822b19601948ii ||||| |||| 00| 0 ben d
020 ## - INTERNATIONAL STANDARD BOOK NUMBER
Terms of availability : IRs.1.16
035 ## - SYSTEM CONTROL NUMBER
System control number (BD-RjUL)49787
040 ## - CATALOGING SOURCE
Original cataloging agency BD-RjUL
Language of cataloging ben
Transcribing agency BD-RjUL
Modifying agency BD-RjUL
041 ## - LANGUAGE CODE
Language code of text/sound track or separate title ben
082 ## - DEWEY DECIMAL CLASSIFICATION NUMBER
Edition number 23
Classification number 891.4409
Author mark and year BHS 1960
100 ## - MAIN ENTRY--PERSONAL NAME
Personal name ভট্টাচার্য, বিষ্ণুপদ
9 (RLIN) 148928
245 10 - TITLE STATEMENT
Title সাহিত্য-মীমাংসা /
Statement of responsibility, etc. বিষ্ণুপদ ভট্টাচার্য
260 ## - PUBLICATION, DISTRIBUTION, ETC. (IMPRINT)
Place of publication, distribution, etc. কলিকাতা :
Name of publisher, distributor, etc. বিশ্বভারতী গ্রন্থালয়,
Date of publication, distribution, etc. ১৯৪৮[মুদ্রন ১৯৬০].
300 ## - PHYSICAL DESCRIPTION
Pagination ১১৬ পৃ. ;
Size ১৯ সেমি.
650 ## - SUBJECT ADDED ENTRY--TOPICAL TERM
Topical term or geographic name as entry element বাংলা সাহিত্য
Form subdivision ইতিহাস ও সমালোচনা
9 (RLIN) 117445
Topical term or geographic name as entry element Bengali literature
Form subdivision History and Criticism
9 (RLIN) 148929
942 ## - ADDED ENTRY ELEMENTS (KOHA)
Source of classification or shelving scheme Dewey Decimal Classification
Koha item type Books
Holdings
Lost status Source of classification or shelving scheme Damaged status Not for loan Collection code Permanent Location Current Location Shelving location Date acquired Source of acquisition Cost, normal purchase price Total Checkouts Full call number Date last seen Copy number Koha item type
  Dewey Decimal Classification     Non-fiction Central Library, University of Rajshahi Central Library, University of Rajshahi   15/03/1962 Faruque library 1.16   B 891.4409 BHS 1960 22/08/2016 C-2 Books
  Dewey Decimal Classification     Non-fiction Central Library, University of Rajshahi Central Library, University of Rajshahi   15/03/1962 Faruque library 1.16   B 891.4409 BHS 1960 20/09/2016 C-3 Books
  Dewey Decimal Classification   Not For Loan Non-fiction Central Library, University of Rajshahi Central Library, University of Rajshahi Reading Room 03/02/2022       B 891.4409 BHS 1948 03/02/2022 C-1 Books